| 000 | 00647nam a2200193Ia 4500 | ||
|---|---|---|---|
| 003 | GCL | ||
| 008 | 140319s9999 xx 000 0 ara d | ||
| 040 |
_aGCL / _cGCL |
||
| 082 | 0 | 4 |
_a953.001 _bل ع |
| 100 | 1 | _aلطفى عبدالوهاب يحيى | |
| 245 | 1 | 0 |
_aالعرب فى العصور القديمة : مدخل حضارى فى تاريخ العرب قبل الاسلام / _cلطفى عبدالوهاب يحيى |
| 300 | _a440 ص | ||
| 490 | _a | ||
| 650 | 0 | 4 | _aالجاهلية |
| 650 | 0 | 4 | _aالتاريخ الاسلامى |
| 650 | 0 | 4 | _aالعرب |
| 650 | 0 | 4 | _aشبه الجزيرة العربية - تاريخ |
| 942 |
_2ddc _cBK |
||
| 999 |
_c39050 _d39050 |
||